Reaction kinetics for chemical engineers (Record no. 12493)

000 -LEADER
fixed length control field 00585nam a22002051 4500
001 - CONTROL NUMBER
control field 12493
003 - CONTROL NUMBER IDENTIFIER
control field BD-DhUET
008 - FIXED-LENGTH DATA ELEMENTS--GENERAL INFORMATION
fixed length control field 720413s1959 nyua b 000 0 eng
040 ## - CATALOGING SOURCE
Original cataloging agency DLC
Transcribing agency DLC
Modifying agency BD-DhUET
082 ## - DEWEY DECIMAL CLASSIFICATION NUMBER
Classification number 660.2994
Item number WAL/1959
100 1# - MAIN ENTRY--PERSONAL NAME
Personal name Walas, Stanley M.
245 10 - TITLE STATEMENT
Title Reaction kinetics for chemical engineers
250 ## - EDITION STATEMENT
Edition statement 1st ed.
260 ## - PUBLICATION, DISTRIBUTION, ETC. (IMPRINT)
Place of publication, distribution, etc. New York
Name of publisher, distributor, etc. McGraw-Hill
Date of publication, distribution, etc. 1959
300 ## - PHYSICAL DESCRIPTION
Extent 338 p.
Other physical details ill.
490 ## - SERIES STATEMENT
Series statement McGraw - Hill chemical engineering series
504 ## - BIBLIOGRAPHY, ETC. NOTE
Bibliography, etc Includes bibliographies
650 #0 - SUBJECT ADDED ENTRY--TOPICAL TERM
Topical term or geographic name as entry element Kinetics : Reactions : Chemical Engineering
942 ## - ADDED ENTRY ELEMENTS (KOHA)
Koha item type General Book
Holdings
Koha date last seen Location (home branch) Shelving location Damaged status Copy number Koha full call number Koha item type Price effective from Lost status Source of classification or shelving scheme Date acquired Koha normalized classification for sorting Withdrawn status Sublocation or collection (holding branch) Piece designation (barcode) Not for loan
2015-02-26Central Library, BUETCirculation section 1660.2994/WAL/1959General Book2015-02-26  2015-02-26660_299400000000000_WAL_1959 Central Library, BUET26073 
2015-03-01Central Library, BUETCirculation section 2660.2994/WAL/1959General Book2015-03-01  2015-03-01660_299400000000000_WAL_1959 Central Library, BUET29882 
2015-03-31Central Library, BUETCirculation section 3660.2994/WAL/1959General Book2015-03-31  2015-03-31660_299400000000000_WAL_1959 Central Library, BUET29878 
2015-03-31Central Library, BUETCirculation section 4660.2994/WAL/1959General Book2015-03-31  2015-03-31660_299400000000000_WAL_1959 Central Library, BUET29875 
2015-03-31Central Library, BUETCirculation section 5660.2994/WAL/1959General Book2015-03-31  2015-03-31660_299400000000000_WAL_1959 Central Library, BUET25893 
2015-04-04Central Library, BUETCirculation section 6660.2994/WAL/1959General Book2015-04-04  2015-04-04660_299400000000000_WAL_1959 Central Library, BUET2114 
2015-04-07Central Library, BUETCirculation section 7660.2994/WAL/1959General Book2015-04-07  2015-04-07660_299400000000000_WAL_1959 Central Library, BUET29874 
2015-06-18Central Library, BUETReading section 8660.2994/WAL/1959Reading Item2015-06-18  2015-06-18660_299400000000000_WAL_1959 Central Library, BUET29881 
2015-06-18Central Library, BUETReading section 9660.2994/WAL/1959Reading Item2015-06-18  2015-06-18660_299400000000000_WAL_1959 Central Library, BUET29879 
2015-06-18Central Library, BUETReading section 10660.2994/WAL/1959Reading Item2015-06-18  2015-06-18660_299400000000000_WAL_1959 Central Library, BUET7899 
2015-06-18Central Library, BUETReading section 11660.2994/WAL/1959Reading Item2015-06-18  2015-06-18660_299400000000000_WAL_1959 Central Library, BUET7900 
2015-06-28Central Library, BUETReading section 12660.2994/WAL/1959Reading Item2015-06-28  2015-06-28660_299400000000000_WAL_1959 Central Library, BUET29880 
2015-06-28Central Library, BUETReading section 13660.2994/WAL/1959Reading Item2015-06-28  2015-06-28660_299400000000000_WAL_1959 Central Library, BUET29876